<?xml version="1.0" encoding="UTF-8"?>
<record
    xmlns:xsi="http://www.w3.org/2001/XMLSchema-instance"
    xsi:schemaLocation="http://www.loc.gov/MARC21/slim http://www.loc.gov/standards/marcxml/schema/MARC21slim.xsd"
    xmlns="http://www.loc.gov/MARC21/slim">

  <leader>00511nam a22002177a 4500</leader>
  <controlfield tag="003">UA-OsUOA</controlfield>
  <controlfield tag="001"> 50251 </controlfield>
  <controlfield tag="007">ta</controlfield>
  <controlfield tag="008">20071108b un ||||| |||| 00| 0 ukr d</controlfield>
  <datafield tag="090" ind1=" " ind2=" ">
    <subfield code="a">130.2</subfield>
    <subfield code="b">&#x414;13</subfield>
  </datafield>
  <datafield tag="942" ind1=" " ind2=" ">
    <subfield code="c">BK</subfield>
  </datafield>
  <datafield tag="040" ind1=" " ind2=" ">
    <subfield code="a">UA-OsUOA</subfield>
    <subfield code="b">ukr</subfield>
    <subfield code="c">UA-OsUOA</subfield>
    <subfield code="d">UA-OsUOA</subfield>
  </datafield>
  <datafield tag="245" ind1=" " ind2=" ">
    <subfield code="a">&#x414;&#x430;&#x432;&#x43D;&#x44C;&#x440;&#x443;&#x441;&#x44C;&#x43A;&#x435; &#x43B;&#x44E;&#x431;&#x43E;&#x43C;&#x443;&#x434;&#x440;&#x456;&#x454;</subfield>
  </datafield>
  <datafield tag="300" ind1=" " ind2=" ">
    <subfield code="a">398 &#x441;.</subfield>
  </datafield>
  <datafield tag="955" ind1=" " ind2=" ">
    <subfield code="a">1</subfield>
  </datafield>
  <datafield tag="041" ind1=" " ind2=" ">
    <subfield code="a">ukr</subfield>
  </datafield>
  <datafield tag="080" ind1=" " ind2=" ">
    <subfield code="a">130.2</subfield>
  </datafield>
  <datafield tag="260" ind1=" " ind2=" ">
    <subfield code="a">&#x41A;.</subfield>
    <subfield code="c">2006</subfield>
  </datafield>
  <datafield tag="650" ind1=" " ind2="7">
    <subfield code="a">1 &#x424;&#x456;&#x43B;&#x43E;&#x441;&#x43E;&#x444;&#x441;&#x44C;&#x43A;&#x456; &#x43D;&#x430;&#x443;&#x43A;&#x438;</subfield>
    <subfield code="2">UDC</subfield>
  </datafield>
  <datafield tag="999" ind1=" " ind2=" ">
    <subfield code="c">336363</subfield>
    <subfield code="d">336363</subfield>
  </datafield>
  <datafield tag="952" ind1=" " ind2=" ">
    <subfield code="0">0</subfield>
    <subfield code="1">0</subfield>
    <subfield code="2">udc</subfield>
    <subfield code="4">0</subfield>
    <subfield code="7">0</subfield>
    <subfield code="a">101</subfield>
    <subfield code="b">101</subfield>
    <subfield code="d">2007-11-08</subfield>
    <subfield code="e">193/2007</subfield>
    <subfield code="g">7.00</subfield>
    <subfield code="i">109146</subfield>
    <subfield code="l">0</subfield>
    <subfield code="o">130.2 &#x414;13</subfield>
    <subfield code="p">109146</subfield>
    <subfield code="r">2021-10-28 00:00:00</subfield>
    <subfield code="w">2007-11-08</subfield>
    <subfield code="y">BK</subfield>
  </datafield>
  <datafield tag="952" ind1=" " ind2=" ">
    <subfield code="0">0</subfield>
    <subfield code="1">0</subfield>
    <subfield code="2">udc</subfield>
    <subfield code="4">0</subfield>
    <subfield code="7">0</subfield>
    <subfield code="a">101</subfield>
    <subfield code="b">101</subfield>
    <subfield code="d">2007-11-08</subfield>
    <subfield code="e">193/2007</subfield>
    <subfield code="g">7.00</subfield>
    <subfield code="i">109147</subfield>
    <subfield code="l">0</subfield>
    <subfield code="o">130.2 &#x414;13</subfield>
    <subfield code="p">109147</subfield>
    <subfield code="r">2021-10-28 00:00:00</subfield>
    <subfield code="w">2007-11-08</subfield>
    <subfield code="y">BK</subfield>
  </datafield>
  <datafield tag="952" ind1=" " ind2=" ">
    <subfield code="0">0</subfield>
    <subfield code="1">0</subfield>
    <subfield code="2">udc</subfield>
    <subfield code="4">0</subfield>
    <subfield code="7">0</subfield>
    <subfield code="a">101</subfield>
    <subfield code="b">101</subfield>
    <subfield code="d">2007-11-08</subfield>
    <subfield code="e">193/2007</subfield>
    <subfield code="g">7.00</subfield>
    <subfield code="i">109148</subfield>
    <subfield code="l">0</subfield>
    <subfield code="o">130.2 &#x414;13</subfield>
    <subfield code="p">109148</subfield>
    <subfield code="r">2021-10-28 00:00:00</subfield>
    <subfield code="w">2007-11-08</subfield>
    <subfield code="y">BK</subfield>
  </datafield>
  <datafield tag="952" ind1=" " ind2=" ">
    <subfield code="0">0</subfield>
    <subfield code="1">0</subfield>
    <subfield code="2">udc</subfield>
    <subfield code="4">0</subfield>
    <subfield code="7">0</subfield>
    <subfield code="a">101</subfield>
    <subfield code="b">101</subfield>
    <subfield code="d">2007-11-08</subfield>
    <subfield code="e">193/2007</subfield>
    <subfield code="g">7.00</subfield>
    <subfield code="i">109149</subfield>
    <subfield code="l">0</subfield>
    <subfield code="o">130.2 &#x414;13</subfield>
    <subfield code="p">109149</subfield>
    <subfield code="r">2021-10-28 00:00:00</subfield>
    <subfield code="w">2007-11-08</subfield>
    <subfield code="y">BK</subfield>
  </datafield>
</record>
